| 000 | 00425nam a2200181Ia 4500 | ||
|---|---|---|---|
| 001 | 687 | ||
| 005 | 20260306140536.0 | ||
| 008 | 260306t1965||||xx |||||||||||||| ||spa|| | ||
| 041 | _aESP | ||
| 082 |
_a131.34 _bG77 |
||
| 100 |
_aGraber, Gustav Hans, 1893-1982 _eAUT |
||
| 245 | 0 | _aPsicologĂa del hombre | |
| 260 | _c1965 | ||
| 300 |
_a307 páginas : _c22 cm. |
||
| 650 | _aGEN | ||
| 654 | _aCHU | ||
| 942 |
_cLIB _dJUS _fJUS _2ddc _n |
||
| 999 |
_c687 _d687 |
||